1989 1110 1416 1618 1812 1552 1163 1534 1626 1589 1722 1975 1399 1988 1065 1196 1121 1074 1378 1998 1162 1084 1127 1634 1346 1818 1605 1226 1953 1160 1524 1071 1664 1182 1838 1232 1730 1326 1934 1610 1183 1346 1221 1794 1787 1191 1311 1955 1409 1017 1316 1246 1565 1903 1532 1778 1941 1504 1697 1335 1252 1793 1791 1539 1884 1446 1806 1245 1264 1870 1660 1512 1773 1763 1314 1953 1625 1129 1493 1614 1223 1576 1752 1400 1969 1813 1919 1229 1341 1159 1089 1221 1858 1128 1018 1726 1803 1271 1123 BCNSPRNW ULIB Ver.6.0+V

เปลี่ยนเป็นภาษาไทย

Change to English
 แสดงรายละเอียดบรรณานุกรม
  กลับหน้าหลัก

Brief Record : Get Marc (ISO 2709) : E-mail record : QR code < ปิดหน้าต่าง
LEADER : 00000nam 2200000uu 4500
001    13399112578
003     ULIB
008    110824s2553||||th 000 0 tha d
020    9786167346038
090    นว.^bธ814บ 2553
100 0  เธียรธีรินทร์
245 00 บัลลังก์ไข่มุก/^cเธียรธีรินทร์
250    พิมพ์ครั้งที่ 1
260    กรุงเทพฯ :^bSimpy Book,^c2553
300    320 หน้า
710 1  Simpy Book
945    ^p225^l0^i028085
995    ทศพร
999     ^aใช้งานได้ทุกระบบ
รายการนี้ยังไม่มีแท็ก
คุณยังไม่ได้ล็อกอิน คุณสามารถมีกิจกรรมร่วมกับเว็บไซต์ได้ แต่ต้องล็อกอินก่อน ::
  ล็อกอิน

รายการสื่อสารสนเทศ

ลำดับที่ ประเภท เลขเรียก/บาร์โค้ด สถานที่ สถานะ
- ไม่พบข้อมูล -

BibComment


ยังไม่เคยถูกคอมเมนท์

คอมเมนท์ทรัพยากรรายการนี้
  คอมเมนท์: บัลลังก์ไข่มุก เธ..


 Copyright 2026. Bcnsprnw @Library